000 00851nas a22002057a 4500
003 NALT
005 20211126142454.0
008 170828b th ||||| |||| 00| 0 tha d
022 _a16865804
040 _aNALT
041 0 _atha
245 1 0 _aธรรมลีลา
260 3 _aกรุงเทพฯ :
_bมูลนิธิธรรมอิสระ วัดอ้อน้อย (ธรรมอิสระ)
310 _aรายเดือน
500 _aหยุดผลิตและปิดตัวลงหลังเดือนกุมภาพันธ์ 2563
850 _aNALT
866 3 1 _aปีที่ 19 ฉบับที่ 217-228 (ม.ค.-ธ.ค. 2562), ปีที่ 20 ฉบับที่ 229-230 (ม.ค.-ก.พ. 2563)
942 _cJNR
_03
_2lcc
998 _b34
_d2017-05-05 10:55:10.787
_j755
_k จินตนา เอี่ยมคง
999 _c91913
_d91913